La doctrina positivista
Salvato in:
| Natura: | Libro |
|---|---|
| Lingua: | spagnolo |
| Pubblicazione: |
Caracas
Conmemorativas del Sesquicentenario
1961
|
| Serie: | Pensamiento Político Venezolano del Siglo XIX, 13-14
|
| Soggetti: | |
| Tags: |
Aggiungi Tag
Nessun Tag, puoi essere il primo ad aggiungerne!!
|
MARC
| LEADER | 00000nam a2200000 a 4500 | ||
|---|---|---|---|
| 001 | UCO3806 | ||
| 003 | CL-VaPUC | ||
| 008 | 000720e19610000VE |||||||||||||||||spa|d | ||
| 082 | 0 | 4 | |a 320.0987 |b DOC |2 21 |
| 245 | 1 | 3 | |a La doctrina positivista |
| 300 | |a v | ||
| 942 | |c BK | ||
| 945 | |d 20000720 00:00:00 |a crobeson | ||
| 260 | |a Caracas |b Conmemorativas del Sesquicentenario |c 1961 | ||
| 650 | 7 | |a FILOSOFIA POLITICA |2 CL-VaPUC |9 447752 | |
| 650 | 7 | |a TEORIA POLITICA |2 CL-VaPUC |9 447753 | |
| 650 | 0 | |a Doctrinas políticas |9 255835 | |
| 650 | 0 | |a Positivismo |9 269460 | |
| 651 | 0 | |a Venezuela |9 254993 | |
| 583 | |a last modification |c 20160913 04:19:17 |k Rodrigo Vera | ||
| 490 | 0 | |a Pensamiento Político Venezolano del Siglo XIX, 13-14 | |
| 999 | |c 289937 |d 289935 | ||
| 952 | |0 0 |1 0 |4 0 |6 320_098700000000000_DOC_1961 |7 0 |8 A |9 338921 |a BIBHIS |b BIBHIS |d 2019-11-20 |h v.1 |i 1201433 |o 320.0987 DOC 1961 |p 1201433 |r 2025-01-20 |w 2019-11-20 |y BK |k HIS | ||
| 952 | |0 0 |1 0 |4 0 |6 320_098700000000000_DOC_1961 |7 0 |8 A |9 338922 |a BIBHIS |b BIBHIS |d 2019-11-20 |h v.2 |i 1201441 |o 320.0987 DOC 1961 |p 1201441 |r 2025-01-20 |w 2019-11-20 |y BK |k HIS | ||